Statistics for Top Five Countries by Random Categories

Click here to take the quiz!

General Stats

  • This quiz has been taken 85,151 times
  • The average score is 22 of 30

Answer Stats

CategoryCountry% Correct
Most McDonalds LocationsUnited States
100%
Most AirportsUnited States
100%
Highest Oil ConsumptionUnited States
100%
Biggest PopulationChina
99%
Biggest AreaUnited States
99%
Most BillionairesUnited States
99%
Biggest Car ProductionUnited States
99%
Most Movies ProducedUnited States
99%
Widest East-West SpanUnited States
99%
Most TouristsUnited States
99%
Most LanguagesUnited States
99%
Most PrisonersUnited States
99%
Longest CoastlineUnited States
99%
Most Military TroopsUnited States
99%
Lowest Recorded TemperatureUnited States
99%
Biggest Economy (PPP)United States
99%
Most Nobel PrizesUnited States
99%
Most Books Published AnnuallyUnited States
99%
Most MillionairesUnited States
99%
Biggest PopulationUnited States
99%
Most Elite UniversitiesUnited States
99%
Most Guessed on JetPunkUnited States
99%
Most Ascents of EverestUnited States
99%
Most ForestUnited States
99%
Most Time Zones (inc. overseas)United States
99%
Biggest AreaChina
98%
Biggest City (Urban pop.)China
98%
Biggest Economy (PPP)China
98%
NorthernmostRussia
98%
Biggest AreaRussia
98%
Highest Exports of OrangesUnited States
98%
NorthernmostUnited States
98%
Highest Production of WineUnited States
98%
Highest Oil ProductionUnited States
98%
Most ExportsUnited States
98%
Catch the Most FishUnited States
98%
Most Inland Surface WaterUnited States
98%
Most Islands (inc. overseas)United States
98%
Most Active VolcanosUnited States
98%
Most Cars per CapitaUnited States
98%
NorthernmostCanada
97%
Most Guessed on JetPunkChina
97%
Highest Oil ConsumptionChina
97%
Most PrisonersChina
97%
Most BillionairesChina
97%
Most Military TroopsChina
97%
Most ExportsChina
97%
Most HindusIndia
97%
Biggest PopulationIndia
97%
Coldest Average TemperatureRussia
97%
Lowest Recorded TemperatureRussia
97%
Longest CoastlineRussia
97%
Highest Recorded TemperatureUnited States
97%
SouthernmostAustralia
96%
Biggest AreaCanada
96%
Biggest Car ProductionChina
96%
Widest East-West SpanChina
96%
Most TouristsChina
96%
High-Speed Rail LengthChina
96%
Greatest Maximum ElevationChina
96%
Most Ascents of EverestChina
96%
Most Books Published AnnuallyChina
96%
Most ForestChina
96%
Most Elite UniversitiesChina
96%
Most Inland Surface WaterChina
96%
Catch the Most FishChina
96%
Most ForestRussia
96%
Most Time Zones (inc. overseas)Russia
96%
Widest East-West SpanRussia
96%
Most Inland Surface WaterRussia
96%
Most Elite UniversitiesUnited Kingdom
96%
Longest CoastlineCanada
95%
Highest Production of SpicesChina
95%
Most SpeciesChina
95%
Most UNESCO Heritage SitesChina
95%
Most McDonalds LocationsChina
95%
Most TouristsFrance
95%
Most Movies ProducedIndia
95%
Highest Production of SpicesIndia
95%
Lowest Recorded TemperatureCanada
94%
Coldest Average TemperatureCanada
94%
Highest Production of WineChina
94%
Most Movies ProducedChina
94%
Tallest North-South SpanChina
94%
Highest Production of WineFrance
94%
SouthernmostNew Zealand
94%
Most PrisonersRussia
94%
Most Military TroopsRussia
94%
Most Guessed on JetPunkRussia
94%
Tallest North-South SpanRussia
94%
Smallest AreaVatican City
94%
Biggest AreaBrazil
93%
Most Inland Surface WaterCanada
93%
SouthernmostChile
93%
Most Total Desert AreaChina
93%
Lowest Minimum ElevationChina
93%
Most Earthquake DeathsChina
93%
Most MuslimsIndia
93%
Greatest Maximum ElevationIndia
93%
Biggest Economy (PPP)India
93%
Oldest Population (Average)Japan
93%
Most AirportsRussia
93%
Most Venomous SpeciesAustralia
92%
Widest East-West SpanCanada
92%
Most Air PollutedIndia
92%
Biggest City (Urban pop.)India
92%
Highest Life ExpectancyJapan
92%
Biggest Car ProductionJapan
92%
Highest Oil ProductionRussia
92%
SouthernmostArgentina
91%
Most SpeciesBrazil
91%
Most Land on the EquatorBrazil
91%
High-Speed Rail LengthJapan
91%
Biggest City (Urban pop.)Japan
91%
NorthernmostNorway
91%
Catch the Most FishRussia
91%
SouthernmostSouth Africa
91%
Most Nobel PrizesUnited Kingdom
91%
Most AirportsCanada
90%
Most ForestCanada
90%
Most Guessed on JetPunkCanada
90%
Biggest Car ProductionGermany
90%
Most Ascents of EverestIndia
90%
Highest Production of WineItaly
90%
Most Islands (inc. overseas)Russia
90%
Most MillionairesUnited Kingdom
90%
Most ForestBrazil
89%
Most McDonalds LocationsCanada
89%
Most Islands (inc. overseas)Canada
89%
Most Nobel PrizesFrance
89%
Most LanguagesIndia
89%
Most Military TroopsIndia
89%
Highest Oil ConsumptionIndia
89%
Most BillionairesRussia
89%
Most Active VolcanosRussia
89%
Most Books Published AnnuallyRussia
89%
Highest Diamond ProductionRussia
89%
Highest Oil ProductionSaudi Arabia
89%
Most Books Published AnnuallyUnited Kingdom
89%
Most Time Zones (inc. overseas)United Kingdom
89%
Smallest PopulationVatican City
89%
NorthernmostFinland
88%
Most Time Zones (inc. overseas)France
88%
Most PrisonersIndia
88%
Most BillionairesIndia
88%
Biggest Economy (PPP)Japan
88%
Most Oil ReservesSaudi Arabia
88%
Widest East-West SpanBrazil
87%
Tallest North-South SpanBrazil
87%
Most Venomous SpeciesBrazil
87%
Highest Oil ProductionCanada
87%
Tallest North-South SpanChile
87%
High-Speed Rail LengthFrance
87%
Most Nobel PrizesGermany
87%
Biggest Economy (PPP)Germany
87%
Most Venomous SpeciesIndia
87%
Most Inland Surface WaterIndia
87%
Most Ascents of EverestUnited Kingdom
87%
Longest CoastlineAustralia
86%
Most AirportsBrazil
86%
Most MillionairesFrance
86%
Highest Production of Olive OilItaly
86%
Highest Oil ConsumptionJapan
86%
Most ExportsJapan
86%
Most Active VolcanosJapan
86%
Greatest Maximum ElevationNepal
86%
Highest Average ElevationNepal
86%
Least Air PollutionCanada
85%
Most Elite UniversitiesGermany
85%
Alcohol Consumed per CapitaGermany
85%
Most MillionairesGermany
85%
Most TouristsItaly
85%
Most MillionairesJapan
85%
Most McDonalds LocationsJapan
85%
Most TouristsSpain
85%
Most MangrovesBrazil
84%
Most Oil ReservesCanada
84%
High-Speed Rail LengthGermany
84%
Lowest Rate of ObesityIndia
84%
Most Movies ProducedJapan
84%
Smallest AreaMonaco
84%
Coldest Average TemperatureNorway
84%
Most HindusPakistan
84%
Highest Production of WineSpain
84%
Most Total Desert AreaCanada
83%
Highest Diamond ProductionCanada
83%
Most UNESCO Heritage SitesFrance
83%
Biggest PopulationIndonesia
83%
Most MuslimsPakistan
83%
Most PrisonersBrazil
82%
Most Guessed on JetPunkMexico
82%
Most Ascents of EverestNepal
82%
Most Sheep per CapitaAustralia
81%
Lowest Population DensityAustralia
81%
Most ExportsGermany
81%
Most Islands (inc. overseas)Indonesia
81%
Most Active VolcanosIndonesia
81%
Most UNESCO Heritage SitesItaly
81%
Lowest Murder RateJapan
81%
Smallest AreaSan Marino
81%
Highest Production of Olive OilSpain
81%
Most Books Published AnnuallyGermany
80%
Most HIV-Positive PeopleIndia
80%
Most MuslimsIndonesia
80%
Most Sheep per CapitaNew Zealand
80%
Most Time Zones (inc. overseas)Australia
79%
Most McDonalds LocationsGermany
79%
Top Income per Capita (PPP)Monaco
79%
Most BillionairesGermany
78%
Most UNESCO Heritage SitesGermany
78%
Lowest Population DensityMongolia
78%
Most HindusNepal
78%
Lowest Average RainfallSaudi Arabia
78%
Tallest North-South SpanArgentina
77%
Most Total Desert AreaAustralia
77%
Most HindusBangladesh
77%
Most Land on the EquatorD.R. Congo
77%
Most Land on the EquatorIndonesia
77%
Most Earthquake DeathsIndonesia
77%
Highest GDP per km²Monaco
77%
Safest RoadsSweden
77%
Most MangrovesAustralia
76%
Highest Production of Olive OilGreece
76%
Most AirportsMexico
76%
Most SpeciesMexico
76%
Highest Population DensityMonaco
76%
Highest Fertility RateNiger
76%
Safest RoadsNorway
76%
Most UNESCO Heritage SitesSpain
76%
Most Skyscrapers per CapitaUnited Arab Emirates
76%
Oldest Population (Average)Germany
75%
Most MangrovesIndonesia
75%
Most SpeciesIndonesia
75%
Most Malaria DeathsD.R. Congo
74%
Lowest Average RainfallEgypt
74%
Biggest PopulationPakistan
74%
Most Nobel PrizesSweden
74%
Highest Production of SpicesIndonesia
73%
Biggest City (Urban pop.)Indonesia
73%
Most Oil ReservesIran
73%
Most Venomous SpeciesMexico
73%
High-Speed Rail LengthSpain
73%
Most HindusIndonesia
72%
Longest CoastlineIndonesia
72%
Most LanguagesIndonesia
72%
Smallest PopulationSan Marino
72%
Highest Exports of OrangesSpain
72%
Highest Population DensityVatican City
72%
Most Total Desert AreaAlgeria
71%
Most Venomous SpeciesIndonesia
71%
Most Oil ReservesIraq
71%
Oldest Population (Average)Italy
71%
Highest HDINorway
71%
Greatest Maximum ElevationPakistan
71%
Highest HDIAustralia
70%
Highest Average ElevationBhutan
70%
Most Total Desert AreaSaudi Arabia
70%
Biggest Car ProductionSouth Korea
70%
Top Income per Capita (PPP)Luxembourg
69%
Least Air PollutionSweden
69%
Most ExpensiveSwitzerland
69%
Greatest Maximum ElevationBhutan
68%
Catch the Most FishIndonesia
68%
Youngest Population (Average)Niger
68%
Most Military TroopsNorth Korea
68%
Most Skyscrapers per CapitaSingapore
68%
Lowest Murder RateVatican City
68%
Safest RoadsDenmark
67%
Top Income per Capita (PPP)Liechtenstein
67%
Most Malaria DeathsNigeria
67%
Most HIV-Positive PeopleNigeria
67%
Highest Oil ProductionIraq
66%
Highest Life ExpectancyMonaco
66%
Lowest HDINiger
66%
Highest Oil ConsumptionSaudi Arabia
66%
Most HIV-Positive PeopleSouth Africa
66%
Least Air PollutionFinland
65%
Coldest Average TemperatureMongolia
65%
Smallest PopulationNauru
65%
Highest Diamond ProductionSouth Africa
65%
Top Income per Capita (PPP)Singapore
64%
Highest GDP per km²Singapore
64%
Highest Population DensitySingapore
64%
Lowest Recorded TemperatureMongolia
63%
Highest Recorded TemperatureIran
62%
Least Guessed on JetPunkNauru
62%
Smallest AreaNauru
62%
Most MuslimsBangladesh
61%
Most Movies ProducedNigeria
61%
Most Skyscrapers per CapitaQatar
61%
Lowest Average RainfallQatar
61%
Highest Recorded TemperatureIraq
60%
Oldest Population (Average)Monaco
60%
Most Skyscrapers per CapitaMonaco
60%
Most Cars per CapitaMonaco
60%
Highest HDISwitzerland
60%
Lowest Average RainfallUnited Arab Emirates
60%
Most Oil ReservesVenezuela
60%
Most Active VolcanosChile
59%
Highest HDIMonaco
59%
Least Air PollutionNew Zealand
59%
Smallest PopulationPalau
59%
Highest GDP per km²San Marino
59%
Lowest Fertility RateSouth Korea
59%
Biggest City (Urban pop.)South Korea
59%
Most SpeciesColombia
58%
Least Guessed on JetPunkPalau
58%
Smallest PopulationTuvalu
58%
Lowest Murder RateSan Marino
57%
Lowest HDIChad
56%
Most MuslimsNigeria
56%
Most Air PollutedSaudi Arabia
56%
Most Immigrants per CapitaUnited Arab Emirates
56%
Most Land on the EquatorColombia
55%
Most MangrovesMalaysia
55%
Most Earthquake DeathsPakistan
55%
Highest Murder RateVenezuela
55%
Most Land on the EquatorKenya
54%
Highest Recorded TemperaturePakistan
54%
Top Income per Capita (PPP)Qatar
54%
Highest Fertility RateChad
53%
Most Islands (inc. overseas)Chile
53%
Most ExpensiveLiechtenstein
53%
Highest Life ExpectancySingapore
53%
Most CO₂ Emissions per CapitaUnited Arab Emirates
53%
Lowest Murder RateAndorra
52%
Most ExpensiveDenmark
52%
Most ExpensiveIceland
52%
Lowest Population DensityIceland
52%
Lowest Average RainfallLibya
52%
Most Sheep per CapitaMongolia
52%
Highest Rate of ObesityNauru
52%
Lowest Murder RateSingapore
52%
Smallest AreaTuvalu
52%
Highest Life ExpectancyIceland
51%
Most Immigrants per CapitaQatar
51%
Highest Rate of ObesityTuvalu
51%
Highest Average RainfallColombia
50%
Most Meat Eaten per CapitaFinland
50%
Highest Production of SpicesBangladesh
49%
Lowest Rate of ObesityBangladesh
49%
Alcohol Consumed per CapitaCzech Republic
49%
Most Air PollutedNiger
49%
Most LanguagesNigeria
49%
Most CO₂ Emissions per CapitaQatar
49%
Lowest HDISomalia
49%
Lowest HDISouth Sudan
49%
Highest Rate of ObesityPalau
48%
Least Guessed on JetPunkKiribati
47%
Most LanguagesPapua New Guinea
47%
Highest Life ExpectancySan Marino
47%
Most Cars per CapitaSan Marino
47%
Lowest Fertility RateSingapore
47%
Most Immigrants per CapitaVatican City
47%
Highest Exports of OrangesEgypt
46%
Most Meat Eaten per CapitaIceland
46%
Safest RoadsIreland
46%
Most HIV-Positive PeopleKenya
46%
Highest Fertility RateMali
46%
Most Cars per CapitaNew Zealand
46%
Highest Rate of ObesityTonga
46%
Most Elite UniversitiesNetherlands
45%
Highest Murder RateEl Salvador
44%
Least Guessed on JetPunkSão Tomé and Príncipe
44%
Most Malaria DeathsTanzania
44%
Lowest HDICentral African Republic
43%
Highest Murder RateHonduras
43%
Lowest Minimum ElevationIsrael
43%
Youngest Population (Average)Mali
43%
Highest Exports of OrangesSouth Africa
43%
Lowest Rate of ObesityVietnam
43%
Highest Production of Olive OilMorocco
42%
Highest HDISan Marino
42%
Highest Rate of ObesityMarshall Islands
41%
Most Air PollutedNepal
41%
Highest GDP per km²Bahrain
40%
Most Cars per CapitaIceland
40%
Most CO₂ Emissions per CapitaKuwait
40%
Most MangrovesPapua New Guinea
40%
Most Earthquake DeathsHaiti
39%
Most Immigrants per CapitaKuwait
39%
Highest Recorded TemperatureKuwait
38%
Most ExportsNetherlands
38%
Most Air PollutedQatar
38%
Highest Production of SpicesTurkey
38%
Oldest Population (Average)Greece
37%
Youngest Population (Average)Uganda
37%
Highest Diamond ProductionBotswana
36%
Most Immigrants per CapitaLiechtenstein
36%
Highest Average ElevationTajikistan
36%
Lowest Minimum ElevationJordan
35%
Most Meat Eaten per CapitaNetherlands
35%
Alcohol Consumed per CapitaNigeria
35%
Lowest Fertility RateTaiwan
35%
Highest Population DensityBahrain
34%
Highest Average RainfallPanama
34%
Lowest Rate of ObesityCambodia
33%
Least Guessed on JetPunkComoros
33%
Highest Average ElevationKyrgyzstan
33%
Highest Population DensityMalta
33%
Lowest Population DensityNamibia
33%
Highest Production of Olive OilTunisia
33%
Biggest External Debt (% of GDP)Luxembourg
32%
Highest Diamond ProductionAngola
31%
Highest GDP per km²Malta
31%
Most HIV-Positive PeopleMozambique
31%
Highest Fertility RateAngola
29%
Catch the Most FishPeru
29%
Lowest Minimum ElevationSyria
29%
Highest Murder RateJamaica
28%
Highest Exports of OrangesNetherlands
28%
Highest Average RainfallPapua New Guinea
26%
Youngest Population (Average)Zambia
26%
Lowest Fertility RatePoland
25%
Alcohol Consumed per CapitaLithuania
24%
Youngest Population (Average)Malawi
24%
Most ExpensiveIsrael
23%
Most CO₂ Emissions per CapitaPalau
23%
Most Earthquake DeathsSri Lanka
23%
Most Meat Eaten per CapitaIsrael
21%
Coldest Average TemperatureKyrgyzstan
20%
Highest Fertility RateBurundi
19%
Highest Average ElevationLesotho
19%
Safest RoadsMalta
19%
Most Malaria DeathsBurkina Faso
18%
Alcohol Consumed per CapitaMoldova
18%
Biggest External Debt (% of GDP)Palau
18%
Most Skyscrapers per CapitaPanama
18%
Most Malaria DeathsSierra Leone
18%
Lowest Recorded TemperatureKyrgyzstan
17%
Biggest External Debt (% of GDP)Malta
17%
Most Sheep per CapitaUruguay
17%
Lowest Rate of ObesityEast Timor
16%
Least Air PollutionBrunei
15%
Lowest Population DensitySuriname
15%
Most Sheep per CapitaTurkmenistan
15%
Highest Murder RateLesotho
14%
Highest Average RainfallSolomon Islands
13%
Most Meat Eaten per CapitaMaldives
11%
Highest Average RainfallSão Tomé and Príncipe
11%
Lowest Fertility RateBosnia and Herzegovina
10%
Biggest External Debt (% of GDP)Cyprus
10%
Lowest Minimum ElevationDjibouti
9%
Most CO₂ Emissions per CapitaTrinidad and Tobago
6%
Biggest External Debt (% of GDP)Mauritius
5%

Score Distribution

Percentile by Number Answered

Percent of People with Each Score

Your Score History

You have not taken this quiz